000 01208nam a22003497a 4500
003 CHAP
005 20220817042202.0
008 971013s1979 r 00010 d
010 _a37050
011 _a38022
035 _a42142
040 _cCHAP
090 _aFolleto 10668
110 _aMéxico. Dirección General de Economía Agrícola
_976976
245 _aAnálisis agropecuario y forestal del estado de Zacatecas
260 _aMéxico, D.F. :
_bLa Dirección,
_c1979
300 _a35 p.
_b: ilus
490 _aEconotecnia Agrícola
_v; v.3, No. 11
590 _aBATCH-UPD
_b10
_c20130110
_lUCH01
_h0226
590 _aBATCH-UPD
_b10
_c20130110
_lUCH01
_h1037
590 _aBATCH-UPD
_b10
_c20130410
_lUCH01
_h1501
590 _aBATCH-UPD
_b10
_c20130914
_lUCH01
_h0005
590 _aCONVERSION
_b10
_c20130109
_lUCH01
_h1321
650 1 4 _aAgricultura
_xZacatecas.
_91905
650 1 4 _aGanadería
_xZacatecas.
_944862
830 0 _aEconotecnia agricola
_v; v.3, No. 11
901 _aBK
942 _cFOLL
949 _aFolleto 10668
_bBC
_cFOLL
_d-96951
_eTS1
_i42142
_mD
_si
949 _aFolleto 10668
_bBC
_cFOLL
_d-96953
_eTS2
_fc.2
_i42142
_si
949 _aFolleto 10668
_bBC
_cFOLL
_d-96954
_eTS2
_fc.3
_i42142
_si
999 _c37050
_d37050